Welcome to CU Library Online Public Access Catalogue (OPAC)

Management : (Record no. 5674)

MARC details
000 -LEADER
fixed length control field 00980cam a2200253 a 4500
001 - CONTROL NUMBER
control field 2124895
005 - DATE AND TIME OF LATEST TRANSACTION
control field 20250506122402.0
008 - FIXED-LENGTH DATA ELEMENTS--GENERAL INFORMATION
fixed length control field 970429s1998 ohua b 001 0 eng
020 ## - INTERNATIONAL STANDARD BOOK NUMBER
International Standard Book Number 0538878991
050 00 - LIBRARY OF CONGRESS CALL NUMBER
Classification number HD31
Item number .L388 1998
082 00 - DEWEY DECIMAL CLASSIFICATION NUMBER
Classification number 658
Edition information 21
100 1# - MAIN ENTRY--PERSONAL NAME
Personal name Lewis, Pamela S.
245 10 - TITLE STATEMENT
Title Management :
Remainder of title challenges in the 21st century /
Statement of responsibility, etc. Pamela S. Lewis, Stephen H. Goodman, Patricia M. Fandt.
250 ## - EDITION STATEMENT
Edition statement 2nd ed.
260 ## - PUBLICATION, DISTRIBUTION, ETC.
Place of publication, distribution, etc. Cincinnati, Ohio :
Name of publisher, distributor, etc. South-Western College Pub.,
Date of publication, distribution, etc. c1998.
300 ## - PHYSICAL DESCRIPTION
Extent xxix, 674 p. :
Other physical details ill. ;
Dimensions 28 cm.
650 #0 - SUBJECT ADDED ENTRY--TOPICAL TERM
Topical term or geographic name entry element Management.
700 1# - ADDED ENTRY--PERSONAL NAME
Personal name Goodman, Stephen H.
700 1# - ADDED ENTRY--PERSONAL NAME
Personal name Fandt, Patricia M.
856 41 - ELECTRONIC LOCATION AND ACCESS
Materials specified Table of contents only
Uniform Resource Identifier <a href="http://www.loc.gov/catdir/enhancements/fy1411/97020809-t.html">http://www.loc.gov/catdir/enhancements/fy1411/97020809-t.html</a>
856 42 - ELECTRONIC LOCATION AND ACCESS
Materials specified Contributor biographical information
Uniform Resource Identifier <a href="http://www.loc.gov/catdir/enhancements/fy1411/97020809-b.html">http://www.loc.gov/catdir/enhancements/fy1411/97020809-b.html</a>
856 42 - ELECTRONIC LOCATION AND ACCESS
Materials specified Publisher description
Uniform Resource Identifier <a href="http://www.loc.gov/catdir/enhancements/fy1411/97020809-d.html">http://www.loc.gov/catdir/enhancements/fy1411/97020809-d.html</a>
942 ## - ADDED ENTRY ELEMENTS (KOHA)
Source of classification or shelving scheme Library of Congress Classification
Koha item type Books
Suppress in OPAC No
999 ## -
-- 5674
-- 5674
Holdings
Withdrawn status Lost status Source of classification or shelving scheme Damaged status Not for loan Collection Home library Current library Shelving location Date acquired Total checkouts Full call number Barcode Date last seen Copy number Price effective from Koha item type
    Library of Congress Classification     Non-fiction Graduate Library (Christ Temple) Graduate Library (Christ Temple) General stacks 05/06/2025   HD 31 LEW GSCT00001133 05/06/2025 1 05/06/2025 Books
© 2023-2024 Copyright: Central University Libraries. All Rights Reserved | Created by: Mahone Tech Office